| 000 | 00831 a2200193 4500 | ||
|---|---|---|---|
| 999 |
_c2302 _d2302 |
||
| 020 | _a9781452240275 (pbk.) | ||
| 050 | 0 | 0 | _aLB 1028 MER 2015 |
| 100 | 1 |
_aMertens, Donna M. _eAuthor |
|
| 245 | 1 | 0 |
_aResearch and evaluation in education and psychology : _bintegrating diversity with quantitative, qualitative, and mixed methods / _cDonna M. Mertens |
| 250 | _a4th ed. | ||
| 264 | 1 |
_aThousand Oaks, CA: _bSAGE Publications, Inc., _c2015 |
|
| 300 |
_axxiii, 509p. : _bill. |
||
| 500 | _aIncludes bibliographical references (p. 470-494). | ||
| 504 | _aIncludes bibliographical references (p. 470-494). | ||
| 650 | 0 |
_aEducation _xResearch _xMethodology. |
|
| 650 | 0 |
_aPsychology _xResearch _xMethodology. |
|
| 942 |
_2lcc _cBK _e4th ed. _h1028 _iMER _kLB |
||